La sociedad a la deriva (Record no. 144651)
[ view plain ]
| 000 -LEADER | |
|---|---|
| campo de control de longitud fija | 00639nam a2200169 4500 |
| 001 - NÚMERO DE CONTROL | |
| campo de control | 144651 |
| 003 - IDENTIFICADOR DE NÚMERO DE CONTROL | |
| campo de control | ES-MaACL |
| 005 - FECHA Y HORA DE LA ÚLTIMA TRANSACCIÓN | |
| campo de control | 20230906201052.0 |
| 007 - CAMPO FIJO DE DESCRIPCIÓN FÍSICA--INFORMACIÓN GENERAL | |
| campo de control de longitud fija | t| |
| 008 - DATOS DE LONGITUD FIJA--INFORMACIÓN GENERAL | |
| campo de control de longitud fija | 070214s1977 sp r ||||1| spa d |
| 111 2# - ENTRADA PRINCIPAL--NOMBRE DE CONGRESO/REUNIÓN | |
| Nombre de congreso/reunión o jurisdicción como elemento de entrada | Reunión de Amigos de la Ciudad Católica ( |
| Número del congreso/reunión o número de parte o sección | 14ª. |
| Fecha del congreso o de la firma del tratado | 1975. |
| Sede del congreso/Lugar de la reunión | Santa Pola, Alicante) |
| 9 (RLIN) | 135192 |
| 245 13 - MENCIÓN DEL TÍTULO | |
| Título | La sociedad a la deriva |
| Resto del título | : raíces de sus errores : actas de la XIV Reunión de Amigos de la Ciudad Católica, Santa Pola 6, 7 y 8 de diciembre de 1975. |
| 260 ## - PUBLICACIÓN, DISTRIBUCIÓN, ETC. | |
| Lugar de publicación, distribución, etc. | Madrid : |
| Nombre del editor, distribuidor, etc. | Speiro, |
| Fecha de publicación, distribución, etc. | 1977. |
| 300 ## - DESCRIPCIÓN FÍSICA | |
| Extensión | 237 p. ; |
| Dimensiones | 21 cm. |
| 650 04 - PUNTO DE ACCESO ADICIONAL DE MATERIA--TÉRMINO DE MATERIA | |
| Término de materia o nombre geográfico como elemento de entrada | Valores sociales- |
| Subdivisión cronológica | S.XX. |
| 9 (RLIN) | 17735 |
| 852 ## - LOCALIZACIÓN | |
| Ubicación | ES-MaACL |
| Número de control de estantería | A-6528 |
| Sublocalización o colección | R.95686 |
| Estatus retirado | Estado de pérdida | Estado de daño | No para préstamo | Biblioteca de origen | Biblioteca actual | Ubicación en estantería | Fecha de adquisición | Fuente de adquisición | Total de préstamos | Signatura topográfica completa | Código de barras | Visto por última vez | Precio de reemplazo | Tipo de ítem Koha |
|---|---|---|---|---|---|---|---|---|---|---|---|---|---|---|
| Biblioteca del Ateneo de Madrid | Biblioteca del Ateneo de Madrid | Sala Pecera Planta 1 | 17/01/2008 | A-6528 | 1150789 | 23/02/2023 | 23/02/2023 | Libro impreso |
